000 00800nam a22002657a 4500
003 CHAP
005 20220329134348.0
008 971013s1981 r 00010 d
010 _a19355
011 _a20327
035 _a24415
040 _cCHAP
082 _a634.9728
_bS8
100 0 0 _aStipes, R. Jay
_eed.
_9109818
245 _aCompendium of elm diseases
260 _aSt. Paul, Minn. :
_bAmerican Phytopathological Society,
_c1981
300 _a96 p.
_b: ilus. : láms
590 _aBATCH-UPD
_b10
_c20130110
_lUCH01
_h2138
590 _aCONVERSION
_b10
_c20130109
_lUCH01
_h1312
650 1 4 _aOlmo
_xEnfermedades.
_983179
700 0 _aCampana, Richard J.
_eed.
_917929
901 _aBK
942 _cLIBRO
949 _a634.9728 S8
_bBC
_cC
_d33724000650826
_eC
_h57446
_i24415
_mDirecto
_si
_t318.00
999 _c19355
_d19355